| 000 | 00899cam a2200241 4500 | ||
|---|---|---|---|
| 001 | ABS66366 | ||
| 008 | 030203n2003 000 0 eng u | ||
| 035 | _a(Sirsi) u121212 | ||
| 100 | _aVernon, M. | ||
| 245 | _aQA - leaseholders' involvement in estate and community issues | ||
| 260 | _c2003 | ||
| 490 |
_aHousing _vDecember/January 2003, 4(1) |
||
| 520 | _aLists the main barriers to leaseholder involvement in estate and community affairs, the reasons for involving leaseholders and the ingredients for achieving successful involvement. Applies to England and Wales only. | ||
| 590 | _aABS | ||
| 650 | _aLEASEHOLDERS | ||
| 650 | _aLANDLORDS | ||
| 650 | _aESTATES | ||
| 650 | _aTENANTS | ||
| 650 | _aMIXED TENURE | ||
| 650 | _aCOMMONHOLD AND LEASEHOLD REFORM ACT 2002 | ||
| 690 | _aPROPERTY-RESIDENTIAL PROPERTY-RESIDENTIAL LANDLORD AND TENANT-RESIDENTIAL TENANCIES | ||
| 942 | _n0 | ||
| 999 |
_c72032 _d72032 |
||